ՀՀ Գիտությունների ազգային ակադեմիայի հիմնարար գիտական գրադարան  =   Fundamental Scientific Library of NAS RA

Древняя гражданская община = (Record no. 539163)

MARC details
000 -LEADER
fixed length control field 01392nam a22002771a 4500
003 - CONTROL NUMBER IDENTIFIER
control field AM-YEHGA
040 ## - CATALOGING SOURCE
Original cataloging agency AM-YEHGA
001 - CONTROL NUMBER
control field 547170
005 - DATE AND TIME OF LATEST TRANSACTION
control field 20260123115043.0
008 - FIXED-LENGTH DATA ELEMENTS--GENERAL INFORMATION
fixed length control field 061002s1895 ru ||||| |||||||rus||
041 1# - LANGUAGE CODE
Language code of text/sound track or separate title rus
Language code of original fre
100 1# - MAIN ENTRY--PERSONAL NAME
Personal name Фюстель де Куланж, Нума Дени,
Dates associated with a name 1830-1889
245 10 - TITLE STATEMENT
Title Древняя гражданская община =
Remainder of title (La cité antique) : Исследования о культе, праве, учреждениях Греции и Рима /
Statement of responsibility, etc. Фюстель де Куланж ; Пер. с послед. 14 изд. Н.Н. Спиридонова.
246 11 - VARYING FORM OF TITLE
Title proper/short title La cité antique
260 ## - PUBLICATION, DISTRIBUTION, ETC.
Place of publication, distribution, etc. Москва :
Name of publisher, distributor, etc. Типо-лит. т-ва И.Н. Кушнерев и К°,
Date of publication, distribution, etc. 1895.
300 ## - PHYSICAL DESCRIPTION
Extent VIII, 374 с. ;
Dimensions 24 см.
500 ## - GENERAL NOTE
General note Загл. ориг.: "La cité antique"
500 ## - GENERAL NOTE
General note Пер. также под загл.: "Гражданская община античного мира"; "Гражданская община древнего мира"; "Древнее общество"
504 ## - BIBLIOGRAPHY, ETC. NOTE
Bibliography, etc. note Библиогр. в примеч.
650 14 - SUBJECT ADDED ENTRY--TOPICAL TERM
Topical term or geographic name entry element История Древнего мира
651 #4 - SUBJECT ADDED ENTRY--GEOGRAPHIC NAME
Geographic name Древняя Греция
General subdivision История
651 #4 - SUBJECT ADDED ENTRY--GEOGRAPHIC NAME
Geographic name Древний Рим
General subdivision История
700 1# - ADDED ENTRY--PERSONAL NAME
Personal name Спиридонов, Н.Н.
Relator term пер.
Relationship trl
765 18 - ORIGINAL LANGUAGE ENTRY
Title La cité antique
942 ## - ADDED ENTRY ELEMENTS (KOHA)
Source of classification or shelving scheme Universal Decimal Classification
Koha item type Գրքեր / Books
Holdings
Withdrawn status Lost status Damaged status Not for loan Collection Home library Current library Date acquired Total checkouts Full call number Barcode Date last seen Price effective from Koha item type Public note
        Kusikian Individual Collection Fundamental Scientific Library Fundamental Scientific Library 07/11/2025   Кус/5511 FL0699831 07/11/2025 05/12/2025 Գրքեր / Books ILL Non-Circ.


ՀՀ ԳԱԱ հիմնարար գիտական գրադարան
ՀՀ,Երևան 0019
Մարշալ Բաղրամյան 24/6
հեռախոս:(374-10) 52-47-50
Հետադարձ կապ

All site content, except where otherwise noted, is licensed under a
Creative Commons License